00740cam a22002171 4500001001300000003000400013005001700017008004100034010001700075025002000092035002000112040001700132042001200149050001600161100003000177245019800207260004100405300002500446651003400471999001700505sa 67000371 DLC20260227112314.0920724s1965 io c 000 0 ind  asa 67000371  aPL480:Indo-2635 a(OCoLC)26253881 aDLCcCUdDLC apremarc00aDS638b.A631 aAidit, D. N.,d1923-1965.10aPolitik luarnegeri dan revolusi Indonesiab(kuliah dihadapan pendidikan kader revolusi angkatan Dwikora jang diselenggarakan oleh pengurus besar Front Nasionald di Djakarta)c[oleh] D.N. Aidit. aDjakarta,bJajasan Pembaruan,c1965. a70 p.bport.c21 cm. 0aIndonesiaxForeign relations. c71944d71944